Datum a čas kvízu
28.5
Celkem bodů
Celkový počet nahraných bodů na tomto kvízu bez doplňovacích otázek.
9.
Pořadí na kvízu
Konečné umístění týmu na tomto kvízu.
Zaznamenané odpovědi
| # | Otázka | Odpověď | Body | Výsledky |
|---|---|---|---|---|
| 1. | Jak se nazývá zámek nedaleko P... | Štiřín | 0 | |
| 2. | Do jedné vesnické školy zapsal... | ve Francii | 0 | |
| 3. | V úterý byl zahájen 77. ročník... | v Cannes | 1 | |
| 4. | Podnikatel Jan Čermák minulý t... | TV Barrandov | 1 | |
| 5. | V sobotu se v Rijádu konal dlo... | Tyson Fury, Oleksandr Usyk | 0.5 | |
| 6. | Jména Mnata, Vojen či Vnislav... | A | 1 | |
| 7. | Podle pověsti prý zvony z kost... | ve čtvrtek (na Zelený čtvrtek) | 0 | |
| 8. | Přiřaďte k sobě dvojice hrdinů... | 1C 2B 3D 4A | 1 | |
| 9. | O hřbitovním kostele sv. Maří... | Svatební košile | 1 | |
| 10. | Branišovský les na okraji Česk... | 3 | 1 |